Štúdium aplikácie eutektických zmesí pri spracovaní nedrevných rastlinných surovín
Uložené v:
| Hlavný autor: | |
|---|---|
| Ďalší autori: | |
| Médium: | Rukopis Kniha |
| Jazyk: | Slovak |
| Vydavateľské údaje: |
2015
|
| Predmet: | |
| On-line prístup: | http://is.stuba.sk/zp/portal_zp.pl?podrobnosti=113189 |
| Tagy: |
Žiadne tagy, Buďte prvý, kto otaguje tento záznam!
|
MARC
| LEADER | 00000ntm a22000003a 4500 | ||
|---|---|---|---|
| 001 | stuzp51505 | ||
| 003 | SK-STU | ||
| 005 | 20160719153858.1 | ||
| 007 | ta | ||
| 008 | 150427s2015----xo-----f-mn---000-0-slo-d | ||
| 040 | |a STU |b slo | ||
| 041 | 0 | |a slo | |
| 100 | 1 | |a Kamenská, Lucia |u 049380 |4 aut |U FCHPT Ústav prírodných a syntetických polymérov |T FCHPT Oddelenie dreva, celulózy a papiera |X 68550 |U C9380 |Y 129 |7 68550 | |
| 242 | 0 | 1 | |a The Study of Deep Eutectic Solvents Application in Plant Materials Processing |y eng |
| 245 | 1 | 0 | |a Štúdium aplikácie eutektických zmesí pri spracovaní nedrevných rastlinných surovín |
| 260 | |c 2015 | ||
| 650 | 4 | |a biomasa |2 slo | |
| 650 | 4 | |a eutektické zmesi |2 slo | |
| 650 | 4 | |a lignín |2 slo | |
| 650 | 4 | |a hemicelulózy |2 slo | |
| 650 | 4 | |a celulóza |2 slo | |
| 650 | 4 | |a hemicellulose |2 eng | |
| 650 | 4 | |a deep eutectic solvents |2 eng | |
| 650 | 4 | |a biomass |2 eng | |
| 650 | 4 | |a lignin |2 eng | |
| 650 | 4 | |a cellulose |2 eng | |
| 700 | 1 | |a Vrška, Milan, |d 1950- |4 ths |X 3904 |7 A000003904 | |
| 856 | 4 | |u http://is.stuba.sk/zp/portal_zp.pl?podrobnosti=113189 | |
| SQL | |a stuzp51505 |b DDP |c SLO |d Štúdium aplikácie eutektických zmesí pri spracovaní nedrevných rastlinných surovín |e 68550 |f Kamenská, Lucia |g 049380 |h 3904 |i Vrška, Milan |j 20150609 |k 542 |l 04 |m http://is.stuba.sk/zp/portal_zp.pl?podrobnosti=113189 |n I-PSP |o 5.2.18. chemické technológie | ||